<?xml version="1.0" encoding="UTF-8"?>
<record
    xmlns:xsi="http://www.w3.org/2001/XMLSchema-instance"
    xsi:schemaLocation="http://www.loc.gov/MARC21/slim http://www.loc.gov/standards/marcxml/schema/MARC21slim.xsd"
    xmlns="http://www.loc.gov/MARC21/slim">

  <leader>00392nam a2200145Ia 4500</leader>
  <controlfield tag="008">230411s9999    xx            000 0 und d</controlfield>
  <datafield tag="020" ind1=" " ind2=" ">
    <subfield code="a">81-7042-099-7</subfield>
  </datafield>
  <datafield tag="041" ind1=" " ind2=" ">
    <subfield code="a">eng</subfield>
  </datafield>
  <datafield tag="082" ind1=" " ind2=" ">
    <subfield code="a">PS/616.89/RAO/KUR/B00706</subfield>
  </datafield>
  <datafield tag="100" ind1=" " ind2=" ">
    <subfield code="a">Rao Venkoba &amp; Kuruvilla K</subfield>
    <subfield code="9">176715</subfield>
  </datafield>
  <datafield tag="245" ind1=" " ind2=" ">
    <subfield code="a">Psychiatry</subfield>
  </datafield>
  <datafield tag="260" ind1=" " ind2=" ">
    <subfield code="b">B I Churchill Living Stone</subfield>
    <subfield code="a">New Delhi</subfield>
    <subfield code="c">1997</subfield>
  </datafield>
  <datafield tag="300" ind1=" " ind2=" ">
    <subfield code="a">256p</subfield>
  </datafield>
  <datafield tag="999" ind1=" " ind2=" ">
    <subfield code="c">152148</subfield>
    <subfield code="d">152148</subfield>
  </datafield>
  <datafield tag="952" ind1=" " ind2=" ">
    <subfield code="0">0</subfield>
    <subfield code="1">0</subfield>
    <subfield code="4">0</subfield>
    <subfield code="7">0</subfield>
    <subfield code="8">PS</subfield>
    <subfield code="a">BTIN</subfield>
    <subfield code="b">BTIN</subfield>
    <subfield code="d">2002-06-04</subfield>
    <subfield code="e">A.D.Kansara Pune.</subfield>
    <subfield code="g">115.00</subfield>
    <subfield code="i">5663</subfield>
    <subfield code="l">0</subfield>
    <subfield code="o">PS 616.89 RAO KUR B00706</subfield>
    <subfield code="p">BTIN-BK-706</subfield>
    <subfield code="r">2023-04-11 00:00:00</subfield>
    <subfield code="v">115.00</subfield>
    <subfield code="w">2002-06-04</subfield>
    <subfield code="y">BK</subfield>
    <subfield code="z">B00706</subfield>
  </datafield>
  <datafield tag="952" ind1=" " ind2=" ">
    <subfield code="0">0</subfield>
    <subfield code="1">0</subfield>
    <subfield code="4">0</subfield>
    <subfield code="7">0</subfield>
    <subfield code="8">PS</subfield>
    <subfield code="a">BTIN</subfield>
    <subfield code="b">BTIN</subfield>
    <subfield code="d">2002-06-04</subfield>
    <subfield code="e">A.D.Kansara Pune.</subfield>
    <subfield code="g">115.00</subfield>
    <subfield code="i">5663</subfield>
    <subfield code="l">0</subfield>
    <subfield code="o">PS 616.89 RAO KUR B00707</subfield>
    <subfield code="p">BTIN-BK-707</subfield>
    <subfield code="r">2023-04-11 00:00:00</subfield>
    <subfield code="v">115.00</subfield>
    <subfield code="w">2002-06-04</subfield>
    <subfield code="y">BK</subfield>
    <subfield code="z">B00707</subfield>
  </datafield>
</record>
